000 00342 a2200157 4500
001 75171
020 _a9788576711711
040 _cAnchieta - Colégio São Paulo
100 _aCruzick, Fernanda
240 1 0 _aA criação:
_lpor
245 1 0 _aA criação:
300 _a24
362 0 _a2013
650 4 _aLiteratura infantil
942 _cBK
999 _c75171
_d75171